000
00303nam a2200121Ia 4500
008
190216s9999||||xx |||||||||||||| ||und||
100
_a
Bhatnagar K P
245
0
_a
Introduction To Keynesian Economics
260
_b
Lakshmi Narain Agarwal Pub
_c
1971
300
_a
371p
650
_a
Economics
942
_c
BK
999
_c
9259
_d
9259